Modularity in motor control: from muscle synergies to cognitive action representation (Record no. 29460)
[ view plain ]
| 000 -LEADER | |
|---|---|
| fixed length control field | 00738nam a2200133Ia 4500 |
| 008 - FIXED-LENGTH DATA ELEMENTS--GENERAL INFORMATION | |
| fixed length control field | 220620s9999||||xx |||||||||||||| ||und|| |
| 022 ## - INTERNATIONAL STANDARD SERIAL NUMBER | |
| International Standard Serial Number | 16648714 |
| 100 ## - MAIN ENTRY--PERSONAL NAME | |
| Personal name | Tamar Flash||Andrea d'Avella||Thomas Schack||Yuri P. Ivanenko||Martin Giese |
| 245 #0 - TITLE STATEMENT | |
| Title | Modularity in motor control: from muscle synergies to cognitive action representation |
| 546 ## - LANGUAGE NOTE | |
| Language note | English[eng] |
| 650 ## - SUBJECT ADDED ENTRY--TOPICAL TERM | |
| Topical term or geographic name entry element | action representation||muscle synergies||Motor Primitives||motor learning||compositionality||neural control of movement||Intermittent control||Kinematic invariants||Control architectures||Robotics |
| 856 ## - ELECTRONIC LOCATION AND ACCESS | |
| Uniform Resource Identifier | <a href="http://journal.frontiersin.org/researchtopic/875/modularity-in-motor-control-from-muscle-synergies-to-cognitive-action-representation">http://journal.frontiersin.org/researchtopic/875/modularity-in-motor-control-from-muscle-synergies-to-cognitive-action-representation</a> |
| 942 ## - ADDED ENTRY ELEMENTS (KOHA) | |
| Koha item type | E-Books |
| Withdrawn status | Lost status | Damaged status | Not for loan | Home library | Current library | Date acquired | Total Checkouts | Date last seen | Price effective from | Koha item type |
|---|---|---|---|---|---|---|---|---|---|---|
| Kerala University of Digital Sciences, Innovation and Technology Knowledge Centre | Kerala University of Digital Sciences, Innovation and Technology Knowledge Centre | 20/06/2022 | 20/06/2022 | 20/06/2022 | E-Books |